ESSENTIALS PEDIATRIC NURSING (Record no. 24931)

MARC details
000 -LEADER
fixed length control field 00404nam a22001697a 4500
003 - CONTROL NUMBER IDENTIFIER
control field SGT
020 ## - INTERNATIONAL STANDARD BOOK NUMBER
International Standard Book Number 9789351526667
082 ## - DEWEY DECIMAL CLASSIFICATION NUMBER
Classification number 610.7362
Item number E21S
100 ## - MAIN ENTRY--PERSONAL NAME
Personal name SHARMA, ,RIMPLE
245 ## - TITLE STATEMENT
Title ESSENTIALS PEDIATRIC NURSING
250 ## - EDITION STATEMENT
Edition statement 3RD
260 ## - PUBLICATION, DISTRIBUTION, ETC. (IMPRINT)
Place of publication, distribution, etc INDIA
Name of publisher, distributor, etc JAYPEE PUB
Year of Publication 2021
300 ## - PAGE DESCRIPTION
No. of Pages 493
650 ## - SUBJECT ADDED ENTRY--TOPICAL TERM
Topical term or geographic name as entry element PEDIATRIC NURSING
653 ## - KEYWORDS--INDEX TERM
Keyword term ESSENTIALS PEDIATRIC NURSING
942 ## - ADDED ENTRY ELEMENTS (KOHA)
Source of classification or shelving scheme Dewey Decimal Classification
Koha item type Books
942 ## - ADDED ENTRY ELEMENTS (KOHA)
-- 235
Holdings
Withdrawn status Lost status Source of classification or shelving scheme Damaged status Not for loan Collection code Home library Current library Shelving location Date acquired Vendor Name Cost, normal purchase price SGTU Bill Number Full call number Accession No. (Barcode) Date last seen Bill Date Koha item type Total Checkouts Total Renewals Date last borrowed Checked out
    Dewey Decimal Classification   Not For Loan NURSING SGT Medical Library SGT Medical Library Reference Book 02/09/2023 ABC DELHI 995.00 SGTU 16927 610.7362 E21S FN5216 02/09/2023 20/06/2023 Books        
    Dewey Decimal Classification     NURSING SGT Medical Library SGT Medical Library Text Book 02/09/2023 ABC DELHI 995.00 SGTU 16927 610.7362 E21S FN5217 03/06/2026 20/06/2023 Books 59 3 28/05/2026  
    Dewey Decimal Classification     NURSING SGT Medical Library SGT Medical Library Text Book 02/09/2023 ABC DELHI 995.00 SGTU 16927 610.7362 E21S FN5218 03/06/2026 20/06/2023 Books 45 1 21/05/2026  
    Dewey Decimal Classification     NURSING SGT Medical Library SGT Medical Library Text Book 02/09/2023 ABC DELHI 995.00 SGTU 16927 610.7362 E21S FN5219 03/06/2026 20/06/2023 Books 56 5 03/06/2026  
    Dewey Decimal Classification     NURSING SGT Medical Library SGT Medical Library Text Book 02/09/2023 ABC DELHI 995.00 SGTU 16927 610.7362 E21S FN5220 17/04/2026 20/06/2023 Books 25   18/07/2025  
    Dewey Decimal Classification     NURSING SGT Medical Library SGT Medical Library Text Book 02/09/2023 ABC DELHI 995.00 SGTU 16927 610.7362 E21S FN5221 03/06/2026 20/06/2023 Books 50 3 19/05/2026  
    Dewey Decimal Classification     NURSING SGT Medical Library SGT Medical Library Text Book 02/09/2023 ABC DELHI 995.00 SGTU 16927 610.7362 E21S FN5222 03/06/2026 20/06/2023 Books 52   03/06/2026 17/06/2026
    Dewey Decimal Classification     NURSING SGT Medical Library SGT Medical Library Text Book 02/09/2023 ABC DELHI 995.00 SGTU 16927 610.7362 E21S FN5223 03/06/2026 20/06/2023 Books 49   03/06/2026 17/06/2026
    Dewey Decimal Classification     NURSING SGT Medical Library SGT Medical Library Text Book 02/09/2023 ABC DELHI 995.00 SGTU 16927 610.7362 E21S FN5224 01/06/2026 20/06/2023 Books 54   01/06/2026 15/06/2026
    Dewey Decimal Classification     NURSING SGT Medical Library SGT Medical Library Text Book 02/09/2023 ABC DELHI 995.00 SGTU 16927 610.7362 E21S FN5225 05/06/2026 20/06/2023 Books 55   01/06/2026